Homo ludens

Сохранить в:
Библиографические подробности
Главный автор: Huizinga, Johan (autor)
Формат:
Язык:испанский
Опубликовано: Madrid Alianza 2012
Редактирование:3a. ed
Серии:Humanidades, HU22
Предметы:
Метки: Добавить метку
Нет меток, Требуется 1-ая метка записи!

MARC

LEADER 00000cam a2200000 a 4500
001 UCD6624
003 CL-VaPUC
005 20231113131808.0
008 161230e20120000sp |||||||||||||||||spa|d
999 |c 366878  |d 366876 
020 |a 9788420608532 
040 |c Pontificia Universidad Católica de Valparaíso 
082 0 4 |a 901  |b HUI  |2 21 
100 |a Huizinga, Johan  |e autor  |9 590464 
245 1 0 |a Homo ludens 
250 |a 3a. ed 
260 |a Madrid  |b Alianza  |c 2012 
300 |a 339 p 
490 0 |a Humanidades, HU22 
583 |a last modification  |c 20161230 10:40:00  |k Rodrigo Vera 
650 0 |a Civilización   |9 255823  |x Filosofía 
650 0 |a Sociología   |9 255410  |x Juego  |x Cultura 
942 |c BK  |2 ddc 
945 |d 20161230 10:40:00  |a dcastane 
952 |0 0  |1 0  |3 erb  |4 0  |6 901_000000000000000_HUI_2012  |7 0  |8 A  |9 481488  |a BIBEDU  |b BIBEDU  |i 5358787  |l 5  |m 3  |o 901 HUI 2012  |p 5358787  |r 2024-08-02  |s 2024-07-12  |w 2019-11-24  |y BK  |z Catalogado en:20161230  |k EFI 
952 |0 0  |1 0  |3 erb  |4 0  |6 901_000000000000000_HUI_2012  |7 0  |8 A  |9 481489  |a BIBEDU  |b BIBEDU  |i 5358779  |o 901 HUI 2012  |p 5358779  |r 2019-11-24  |w 2019-11-24  |y BK  |z Catalogado en:20161230  |k EFI 
952 |0 0  |1 0  |3 erb  |4 0  |6 901_000000000000000_HUI_2012  |7 0  |8 A  |9 481490  |a BIBEDU  |b BIBEDU  |i 5358760  |l 8  |m 1  |o 901 HUI 2012  |p 5358760  |r 2024-03-14  |s 2024-03-14  |w 2019-11-24  |y BK  |z Catalogado en:20161230  |k EFI